| 000 | 00974nam a22002177a 4500 | ||
|---|---|---|---|
| 003 | OSt | ||
| 005 | 20170608093035.0 | ||
| 008 | 150408b2010 slv spa | ||
| 040 | _cBMC | ||
| 082 | _a670.42 | ||
| 100 | 1 |
_934941 _aSalazar Cerna, Josué Reinaldo |
|
| 245 | 1 | 0 |
_aPasantía en Administración Nacional de Acueductos y Alcantarillados (ANDA) _b: Informe final _cJosué Reinaldo Salazar Cerna |
| 260 |
_aSanta Ana (El Salvador) _bUniversidad Católica de El Salvador _c2010 |
||
| 300 |
_a1 folleto (37 h.) _bil. col. _c28 cm _e+ 1 disco compacto |
||
| 500 | _aPrecede al tít.: Universidad Católica de El Salvador, Facultad de Ingeniería y Arquitectura | ||
| 501 | _aPeríodo de realización: del 01 de febrero al 02 de agosto de 2010 | ||
| 502 | _aPara optar al título de: Ingeniero Industrial | ||
| 650 | 2 | 4 |
_919919 _aIngeniería industrial |
| 710 | 2 |
_91166 _aUniversidad Católica de El Salvador _bFacultad de Ingeniería y Arquitectura |
|
| 942 |
_2ddc _cTG |
||
| 999 |
_c21375 _d21375 |
||